| 000 | 00535nam a2200157Ia 4500 | ||
|---|---|---|---|
| 008 | 100122s9999 xx 000 0 und d | ||
| 082 |
_b74677 _a823.08 |
||
| 100 | _aव्हटकर जयवंत | ||
| 245 | _aभौत्याळा - भय-गूढकथा संग्रह | ||
| 250 | _a1 | ||
| 260 | _c2008 | ||
| 300 | _a167 | ||
| 630 | _aभौत्याळा - भय-गूढकथा संग्रह | ||
| 730 | _aभौत्याळा - भय-गूढकथा संग्रह | ||
| 942 | _cBOOK | ||
| 999 |
_c390808 _d390805 |
||